La definición de la psicopatología en el siglo XXI : más allá del DSM-V /

שמור ב:
מידע ביבליוגרפי
מחבר ראשי: Helzer, John E. (autor)
מחברים אחרים: Hudziak, James J. (autor) (autor)
פורמט: ספר
שפה:ספרדית
יצא לאור: Barcelona, España : Ars Medica, 2003, c2003
נושאים:
תגים: הוספת תג
אין תגיות, היה/י הראשונ/ה לתייג את הרשומה!

MARC

LEADER 00000nam^a2200000^a^4500
001 000162404
005 20250521000000.0
009 20260310100832.906
020 |a 84-9706-047-4 
037 |a Acervo ITESO - Biblioteca 
041 |a ESP 
082 |a 616. 89  |b HEL 
100 |a Helzer, John E.  |e (autor) 
245 1 3 |a La definición de la psicopatología en el siglo XXI :  |b más allá del DSM-V /  |c J.E. Helzer, J.J. Hudziak ; tr. por María Jesús Herrero Gascón. 
264 4 |a Barcelona, España :  |b Ars Medica,  |c 2003, c2003 
300 |a XII, 276 p. 
336 |a texto  |b txt  |2 rdacontenido 
337 |a sin mediación  |b n  |2 rdamedio 
338 |a volumen  |b nc  |2 rdasoporte 
500 |a Traducción de: Defining Psychopathology in the 21st Century. DSM-V and Beyond 
649 |a XX 
650 |a Niños -  |x Condiciones Psicológicas 
650 |a Esquizofrenia 
650 |a Psicosis 
650 |a Hiperquinesia 
650 |a Déficit de Atención 
650 |a Problemas de Aprendizaje 
650 |a Neuroanatomía 
650 |a Neurociencias 
650 |a Neuropsicología 
650 |a Psicometría 
650 |a Psicología Diferencial 
650 |a Psicopatología 
650 |a Psicología Clínica 
650 |a Psicología Fisiológica 
650 |a Psicología 
700 |a Hudziak, James J.  |e (autor) 
910 |a Fondo General 
920 |a Impresos - Libros 
930 |a Colección General 
905 |a 101 
901 |a 0500095332  |b IT1  |c ACC  |u 20250521 
902 |a https://opac.biblio.iteso.mx/vufind/Record/000162404